"تسوية المنازعات الناشئة عن الحقوق المالية والتجارية داخل نشاط كرة القدم بين التحكيم والتقاضي" / (Record no. 67559)
[ view plain ]
| 000 -LEADER | |
|---|---|
| fixed length control field | 04589nam a2200421 i 4500 |
| 003 - CONTROL NUMBER IDENTIFIER | |
| control field | EG-GICUC |
| 005 - أخر تعامل مع التسجيلة | |
| control field | 20260330130247.0 |
| 008 - FIXED-LENGTH DATA ELEMENTS--GENERAL INFORMATION | |
| fixed length control field | 260330s2026 ua |||f m||| 00| 0 ara d |
| 040 ## - CATALOGING SOURCE | |
| Original cataloguing agency | EG-GICUC |
| Transcribing agency | EG-GICUC |
| Modifying agency | EG-GICUC |
| Description conventions | rda |
| Language of cataloging: | ara |
| 041 0# - LANGUAGE CODE | |
| Language code of text/sound track or separate title | ara |
| Language code of summary or abstract | ara |
| Language code of sung or spoken text | ara |
| 049 ## - Acquisition Source | |
| Acquisition Source | إهداء |
| 082 04 - DEWEY DECIMAL CLASSIFICATION NUMBER | |
| Classification number | 348.8 |
| Edition number | 21 |
| 097 ## - Degree | |
| Degree | Ph.D |
| 099 ## - LOCAL FREE-TEXT CALL NUMBER (OCLC) | |
| Local Call Number | Law 05 PHD 2026 |
| 100 0# - MAIN ENTRY--PERSONAL NAME | |
| Authority record control number or standard number | عمرو سيد حسن هاشم |
| Preparation | مؤلف. |
| 245 10 - TITLE STATEMENT | |
| Title | "تسوية المنازعات الناشئة عن الحقوق المالية والتجارية داخل نشاط كرة القدم بين التحكيم والتقاضي" / |
| Statement of responsibility, etc. | إعداد عمرو سيد حسن هاشم؛ إشراف الأستاذ الدكتور أحمد فاروق وشاحي. |
| 264 #0 - PRODUCTION, PUBLICATION, DISTRIBUTION, MANUFACTURE, AND COPYRIGHT NOTICE | |
| Place of production, publication, distribution, manufacture | القاهرة: |
| Name of producer, publisher, distributor, manufacturer | كلية الحقوق- جامعة القاهرة، |
| Date of production, publication, distribution, manufacture, or copyright notice | 2026. |
| 300 ## - PHYSICAL DESCRIPTION | |
| Extent | 377 صفحة؛ |
| Dimensions | 25 سم. |
| 336 ## - CONTENT TYPE | |
| Content type term | text |
| Source | rda content |
| 337 ## - MEDIA TYPE | |
| Media type term | Computer |
| Source | rda media |
| 338 ## - CARRIER TYPE | |
| Carrier type term | Online Resource |
| Source | rda carrier |
| 500 ## - General note | |
| General note | FR |
| 502 ## - DISSERTATION NOTE | |
| Dissertation note | أطروحة (دكتوراة)- جامعة القاهرة، كلية الحقوق، قسم القانون التجاري، 2026. |
| 504 ## - BIBLIOGRAPHY, ETC. NOTE | |
| Bibliography, etc. note | ببليوجرافيا: صفحات 358-372 |
| 520 3# - SUMMARY, ETC. | |
| Summary, etc. | تعالج هذه الدراسة الإشكالية المتنامية في تنظيم وتسوية المنازعات المتعلقة بالحقوق المالية والتجارية داخل نشاط كرة القدم المصري، في ضوء التحولات الكبرى التي شهدها هذا النشاط من الهواية إلى الاحتراف وتبرز الرسالة اتساع الفجوة بين الممارسة المحلية والتطورات التنظيمية واللائحية على الصعيد الدولي، مما أدى إلى تراكم الأزمات وغياب حلول قانونية فعالة.<br/><br/>تهدف الدراسة إلى بيان مختلف الحقوق المالية والتجارية الأطراف منظومة كرة القدم في مصر، وتحديد وسائل تسوية المنازعات الناشئة بشأنها. وقد تم تقسيم الدراسة إلى بابين أساسيين: تناول الأول تفصيل تلك الحقوق ومظاهر تداخلها بين أطراف المنظومة، بينما خصص الثاني لبحث وسائل تسوية المنازعات على المستويين المحلي والدولي.<br/><br/>اعتمدت الدراسة المنهج التحليلي المقارن، مستندة إلى القوانين المصرية واللوائح الدولية مثل لوائح الاتحاد الدولي لكرة القدم (FIFA) ، ولا سيما ما يتعلق بالحقوق المالية والتجارية المتداخلة لأطراف المنظومة، فضلاً عن تسوية المنازعات الناشئة عنها بالدراسة التفصيلية لنظم تسوية المنازعات على المستوى الدولي، وما يقابلها من نظم لتسوية المنازعات وفقاً للقوانين واللوائح المصرية. وتوصلت إلى أن النظام القانوني المصري لا يزال يعاني من ثغرات تنظيمية واضحة.<br/><br/>أوصت الدراسة بضرورة تحديث شامل للتشريعات الرياضية المصرية، بما يضمن مواءمتها مع المعايير الدولية، ووضع آليات واضحة ومستقلة لرقابة الإنفاق المالي، وتفعيل مبادئ الحوكمة والامتثال مع تعزيز الدور المحوري لآليات تسوية المنازعات ذات الطابع الرياضي على المستوى الوطني وبما يكفل استقرار الحقوق والمراكز القانونية لكافة أطراف النشاط الرياضي في مصر. |
| 546 ## - LANGUAGE NOTE | |
| Text Language | النص بالعربية والملخص باللغة الإنجليزية والعربية. |
| 650 04 - SUBJECT ADDED ENTRY--TOPICAL TERM | |
| Topical term or geographic name entry element | القانون التجاري |
| 653 #0 - INDEX TERM--UNCONTROLLED | |
| Uncontrolled term | التحكيم |
| 653 #0 - INDEX TERM--UNCONTROLLED | |
| Uncontrolled term | التقاضي |
| 655 #4 - INDEX TERM--GENRE/FORM | |
| Genre/form data or focus term | رسائل جامعية |
| Geographic subdivision | جامعة القاهرة |
| General subdivision | القانون التجاري |
| 700 0# - ADDED ENTRY--PERSONAL NAME | |
| Personal name | خليل فيكتور تادرس |
| Relator term | مشرف. |
| 700 0# - ADDED ENTRY--PERSONAL NAME | |
| Personal name | أحمد فاروق وشاحي |
| Relator term | مشرف. |
| 710 2# - ADDED ENTRY--CORPORATE NAME | |
| Corporate name or jurisdiction name as entry element | جامعة القاهرة. |
| Subordinate unit | كلية الحقوق |
| 856 ## - ELECTRONIC LOCATION AND ACCESS | |
| Uniform Resource Identifier | <a href="https://fll.law.cu.edu.eg/fulltext/th/T05-02874.pdf">https://fll.law.cu.edu.eg/fulltext/th/T05-02874.pdf</a> |
| 900 ## - Thesis Information | |
| Grant date | 2026 |
| Universities | جامعة القاهرة |
| Faculties | كلية الحقوق |
| Department | قسم القانون التجاري |
| 905 ## - Cataloger and Reviser Names | |
| Cataloger Name: | Hoda |
| 942 ## - ADDED ENTRY ELEMENTS (KOHA) | |
| Source of classification or shelving scheme | Dewey Decimal Classification |
| Koha item type | Thesis |
| Edition | 21 |
| Suppress in OPAC | No |
| Source of classification or shelving scheme | Collection | Home library | Current library | Date acquired | Full call number | Barcode | Date last seen | Copy number | Effective from | Koha item type |
|---|---|---|---|---|---|---|---|---|---|---|
| Dewey Decimal Classification | القانون التجاري | جــــامعة القــاهرة | مكتبة كلية الحقوق - المبنى الرئيسي | 30.03.2026 | Law1 05 PHD 2026 0502874 C1 | T05-02874 | 30.03.2026 | 1 | 30.03.2026 | Thesis |
| Dewey Decimal Classification | القانون التجاري | جــــامعة القــاهرة | مكتبة كلية الحقوق - المبنى الرئيسي | 30.03.2026 | Law1 05 PHD 2026 0502875 C2 | T05-02875 | 30.03.2026 | 2 | 30.03.2026 | Thesis |
| Dewey Decimal Classification | القانون التجاري | جــــامعة القــاهرة | مكتبة كلية الحقوق - فـرع الشيخ زايد | 30.03.2026 | Law2 05 PHD 2026 0502876 C3 | T05-02876 | 30.03.2026 | 3 | 30.03.2026 | Thesis |